• 首页
  • 本馆介绍
  • 公告通知
  • 最新文献
  • 馆藏检索
  • 电子资源
  • 读者导购
  • 参考咨询
  • 我的图书馆
  • 登录
  • 详细信息显示
  • 放入我的书架
  • 预约/预借图书
  • 作者相关作品
  • 分类相关作品
  • 丛书相关作品
  • 出版社相关作品

书目信息

  • 表格格式
  • 工作单格式
  • 卡片格式
书名: The Social construction of technological systems
作者: edited by Wiebe E. Bijker, Thomas P. Hughes, and Trevor J. Pinch
分册号:
分册名:
出版地: Cambridge, Mass. :
 
出版社: MIT Press
出版时间: c1987.
页数: x, 405 p. :
开本: 24 cm.
丛书名:
中图分类号:
科图分类号:
其他分类号: T-09
主题词:
电子资源:
000 01091nam 2200313 a 4500
001 E0754799919
005 20070518151425.43
008 10100 eng
008 uu
010    @a86027600 //r89
020    @a0262022621.
049    @aN5LA
050 0  @aT14.5 @b.S6375 1987
082 0  @a303.4/83 @219
090    @a2-88/T-09/S67/////////821661
090    @aT-09
096    @aT-09 @v2
099    @dT-09@ex4
245 04 @aThe Social construction of technological systems :@bnew directions in the sociology and history of technology / @cedited by Wiebe E. Bijker, Thomas P. Hughes, and Trevor J. Pinch
260 0  @aCambridge, Mass. :@bMIT Press,@cc1987.
300    @ax, 405 p. :@bill. ;@c24 cm.
500    @aPapers of
500    @aIncludes indexes.
504    @aBibliography: p. [349]-372.
650  0 @aTechnology @xSociological aspects @xCongresses.
700 10 @aHughes, Thomas Parke.
700 10 @aPinch, T. J. @q(Trevor J.) @b00 @c20020930 @lNLC09 @h2249 @lNLC09 @h2338 @lNLC09 @h1930
700 10 @aBijker, Wiebe E.
852 9  @bWWJC @cJ08N @k2-88 @hT-09 @iS67
    
    The Social construction of technological systems : : new directions in the sociology and history of technology / / edited by Wiebe E. Bijker, Thomas P. Hughes, and Trevor J. Pinch.-Cambridge, Mass. : : MIT Press, , c1987.
    x, 405 p. : : ill. ; ; 24 cm.
    Papers of.-Includes indexes.-Bibliography: p. [349]-372.
    
    ISBN 0262022621.
    
●
相关链接 在E读中查询图书 在五车中查询图书 在当当中查询图书 在豆瓣中查询图书


正题名:Social construction of technological systems     索取号:T-09/x4         预约/预借

序号 登录号 条形码 馆藏地/架位号 状态 备注
1 9958   300099587   第二样本阅览室/ [索取号:T-09/x4] 在馆    
唐山师范学院图书馆 欢迎您!
大连网信软件有限公司© 版权所有